00317nam a2200121Ia 4500008004100000041000800041082001600049100002400065245003600089260002800125300003100153365001100184240624s9999 xx 000 0 und d aeng a658.408 CHA aCHATTERJI MADHUMITA aCORPORATE SOCIAL RESPONSIBILITY c2011aNew DelhibOxford axii, : 348 : p. : cm. ; 26 cRSb31